02028nam a2200361 i 4500003000900000005001700009007000300026008004100029020003400070040003000104041000800134082002200142100003800164245024500202250002200447264013900469300006400608336002700672337003300699338002800732500007100760500007500831505024400906650004801150650005901198651004601257651005901303700003601362700005401398700005701452710011801509710003901627DO-SdBNP20250929152737.0ta240614e2023 dr adb|| |||| 00| e spa d a9789945917451 (Obra completa) aDO-SdBNPbspacBNPHUerda aspa 4a972.93bH431e222 aGonzález, Raymundoeautor4aut.00aHaciendas, esclavitud y campesinado en Santo Domingo (Siglo XVIII) :bdocumentos para la historia rural dominicana /cRaymundo González ; corrector de estilo, Miriam Melo ; presentacion, Bolívar Troncoso Morales, Juan Daniel Balcácer. aPrimera edición 1aSanto Domingo, República Dominicana :bInstituto Panamericano de Geografía e Historia;bAcademia Dominicana de la Historia,c2023. a4 volúmenes :bilustraciones, gráficos, mapas ;c23 cm. atextobtxt2rdacontent asin mediaciónbn2rdamedia avolumenbnc2rdacarrier aIncluye datos biográficos del autor en la solapa de la cubierta. aIncluye referencias bibliográficas y notas al pie de las páginas. av. 1--tHaciendas y esclavitud 1689-1796 --gv. 2t Reforma de la propiedad: La Comisión Luyando 1767 - 1774 --gv. 3 tInformes sobre rentas eclesiásticas 1784 --gv. 4t Violencia rural : El Comegente o Negro incógnito 1790 - 1794. 4aEsclavitudzRepública DominicanavFuentes 4aCampesinoszRepública DominicanaxHistoria vFuentes 4aRepública DominicanaxHistoriavFuentes 4aRepública DominicanaxCondiciones ruralesxHistoria 1 aMelo, Miriam,ecorrector4corr.1 aTroncoso Morales, Bolívar,epresentación4pr.1 aBalcácer, Juan Daniel,d1949-epresentación4pr.1 aSección Nacional Dominicana del Instituto Panamericano de Geografía e Historia (IPGH), República Dominicana2 aAcademia Dominicana de la Historia